00949nam a22002413 450000100060000000300080000600500170001400800410003103500510007204000270012304100080015008200270015810000280018524501180021326000480033130000250037950000550040450400370045965000430049694200120053999900170055195201390056836055BD-RjUL20211209052427.0140615s1964 enk b 001 0 eng d a(BD-RjUL)36152aOCLC pks04087711 from D970414K aEQOcEQObengdBD-RjUL aeng 221a361.0941bWAS 19641 aWallis, Jack H.910655310aSomeone to turn to :b a description of the remedial work of the National Marriage Guidance Council /cJ H Wallis aLondon : cc1964.bRoutledge & Kegan Paul,  aix, 113 p. ;c23 cm. aPreviously publ. as pt. 1 of Marriage counselling. aIncludes Bibliography and index. aSocial servicexGreat Britain.9109746 2ddccBK c36055d36055 00102ddc40708NFICaRUCLbRUCLcStackd1966-03-19eZeitlingerg0.00l0o361.0941 WAS 1964r2014-06-15 00:00:00tC-2w2021-12-09yBK